Central Library OPAC University of Rajshahi
Normal view MARC view

Entry Personal Name

Number of records used in: 10

001 - CONTROL NUMBER

  • control field: 8337

003 - CONTROL NUMBER IDENTIFIER

  • control field: BD-RjUL

005 - DATE AND TIME OF LATEST TRANSACTION

  • control field: 20230814103905.0

008 - FIXED-LENGTH DATA ELEMENTS

  • fixed length control field: 230814|| aca||aabn | a|a d

040 ## - CATALOGING SOURCE

  • Original cataloging agency: BD-RjUL
  • Transcribing agency: BD-RjUL

100 ## - HEADING--PERSONAL NAME

  • Personal name: আউয়াল, মোহাম্মদ আব্দুল, তত্ত্বাবধায়ক

670 ## - SOURCE DATA FOUND

  • Source citation: Work cat.: (BD-RjUL)81684: হোসেন, খন্দকার ফরহাদ, বাংলা কথাসাহিত্যে শওকত ওসমান (১৯৪৭-১৯৮৬) /, ১৯৯১